000 00869nam a2200241Ia 4500
003 OSt
005 20220923224525.0
006 a|||||r|||| 00| 0
007 ta
008 Pun
020 _c50
024 _a238,894
037 _b236, 17/12/2008, N. R. Book Distributors
_cTextual
040 _aARTS
_cARTS
_bPun
041 _2Pun
_aPun
082 _aAz7, 153N4
100 _aਵਿਰਕ, ਹਰਦੇਵ ਸਿੰਘ, ਙਰ.
245 0 _aਵਿਗਿਆਨ ਦੇ ਕ੍ਰਿFਮੇ
_b ਅਦੱੁਤੀ ਲੇਖ ਸੰਗ੍ਰਹਿ
260 _aਅੰਮ੍ਰਿਤਸਰ
_b ਗੁਰੂ ਨਾਨਕ ਦੇਵ ਯੂਨੀਵਰਸਿਟੀ
_c1994
300 _a118ਪੰ
_ccm.
942 _hAz7, 153N4
_cTEXL
_2CC
999 _c371974
_d371974